MARC details
| 000 -CABECERA |
| campo de control de longitud fija |
01068nam a2200277 a 4500 |
| 001 - NÚMERO DE CONTROL |
| campo de control |
000024355 |
| 005 - FECHA Y HORA DE LA ÚLTIMA TRANSACCIÓN |
| campo de control |
20200930022935.0 |
| 008 - DATOS DE LONGITUD FIJA--INFORMACIÓN GENERAL |
| campo de control de longitud fija |
110126s1975 sp r 001 0 spa d |
| 020 ## - NÚMERO INTERNACIONAL ESTÁNDAR DEL LIBRO |
| Número Internacional Estándar del Libro |
8429711457 |
| 040 ## - FUENTE DE LA CATALOGACIÓN |
| Centro catalogador/agencia de origen |
DO-SdBNP |
| Lengua de catalogación |
spa |
| Centro/agencia transcriptor |
BNPHU |
| 041 17 - CÓDIGO DE LENGUA |
| Código de lengua del texto/banda sonora o título independiente |
spa |
| Código de lengua original |
fre |
| Fuente del código |
Código de idiomas MARC |
| 082 ## - NÚMERO DE LA CLASIFICACIÓN DECIMAL DEWEY |
| Número de clasificación |
nn* |
| Número de documento/Ítem |
nn* |
| 049 ## - FONDOS LOCALES (OCLC) |
| Fondos de biblioteca |
BNGR |
| 100 1# - ENTRADA PRINCIPAL--NOMBRE DE PERSONA |
| Nombre de persona |
Lenin, V. I. |
| 9 (RLIN) |
45797 |
| 240 10 - TÍTULO UNIFORME |
| Título uniforme |
Sur la littérature et l´art. |
| Lenguaje de la obra |
Español |
| 245 10 - MENCIÓN DE TÍTULO |
| Título |
Escritos sobre la literatura y el arte / |
| Mención de responsabilidad, etc. |
V. I. Lenin ; selección y prólogo de Jean Fréville ; traducción de Jaume Fuster y Maria-Antónia Oliver. |
| 260 ## - PUBLICACIÓN, DISTRIBUCIÓN, ETC. |
| Lugar de publicación, distribución, etc. |
Barcelona : |
| Nombre del editor, distribuidor, etc. |
Península, |
| Fecha de publicación, distribución, etc. |
1975. |
| 300 ## - DESCRIPCIÓN FÍSICA |
| Extensión |
230, [9] p. ; |
| Dimensiones |
18 cm. |
| 490 1# - MENCIÓN DE SERIE |
| Mención de serie |
Ediciones de bolsillo. |
| Designación de volumen o secuencia |
440 |
| 534 ## - NOTA SOBRE LA VERSIÓN ORIGINAL |
| Encabezamiento principal del original |
Título de la edición original : |
| Mención de título del original |
Sur la littérature et l´art |
| 500 ## - NOTA GENERAL |
| Nota general |
Incluye referencias bibliográficas y notas al pie de las páginas. |
| 700 1# - PUNTO DE ACCESO ADICIONAL--NOMBRE DE PERSONA |
| Nombre de persona |
Fréville, Jean, |
| Término indicativo de función/relación |
pról. |
| 9 (RLIN) |
49950 |
| 700 1# - PUNTO DE ACCESO ADICIONAL--NOMBRE DE PERSONA |
| Nombre de persona |
Fuster, Jaume, |
| Término indicativo de función/relación |
tr. |
| 9 (RLIN) |
47016 |
| 700 1# - PUNTO DE ACCESO ADICIONAL--NOMBRE DE PERSONA |
| Nombre de persona |
Oliver, Maria-Antónia, |
| Término indicativo de función/relación |
tr. |
| 9 (RLIN) |
47017 |
| 830 #0 - PUNTO DE ACCESO ADICIONAL DE SERIE-TÍTULO UNIFORME |
| Título uniforme |
Ediciones de bolsillo. |
| Designación de volumen o secuencia |
440 |
| 9 (RLIN) |
32426 |